Fertiliser Best Management Practices in Important Cropping System (Record no. 59350)

MARC details
000 -LEADER
fixed length control field 01521nam a2200169Ia 4500
100 ## - MAIN ENTRY--AUTHOR NAME
Personal name Gangwar V
245 #0 - TITLE STATEMENT
Title Fertiliser Best Management Practices in Important Cropping System
260 ## - PUBLICATION, DISTRIBUTION, ETC. (IMPRINT)
Name of publisher Indian Journal of Fertilisers
Year of publication 2013
300 ## - PHYSICAL DESCRIPTION
Number of Pages 34-51
520 ## - SUMMARY, ETC.
Summary, etc Nutrient management is a major component of soil and crop management system.It becoms even more important in intensive high yielding cropping system because of the increasing energy cost and economic pressure. Fertiliser best management practices (FBMPs) which emphasise on better crop and soil management strategies are meaningful options to attain sustainable higher yields.FBMPs focus on site-specic nutrient recommendations, its intensive management, improved efficiency and effectiveness, and environmentally sound use of crop production inputs. Infect the concept of applying the right fertiliser at the right time, right rate and at right place is a guiding them e for FBMPs for predominant cropping systems of the country covering the various aspects like concern of multi-nutrient deficiencies, yield gaps and means to bridge these, site-specific nutrient management. In order to tailor the BMPs at small field holders managing spatial field variability using modern tools like remote sensing, GIS, sensor based nutrient management, and nutrient experts are also discussed.
650 ## - SUBJECT ADDED ENTRY--TOPICAL TERM
Topical Term Cropping System
650 ## - SUBJECT ADDED ENTRY--TOPICAL TERM
Topical Term Fertiliser
700 ## - ADDED ENTRY--PERSONAL NAME
Personal name Shankar Ravi
700 ## - ADDED ENTRY--PERSONAL NAME
Personal name Singh VK
942 ## - ADDED ENTRY ELEMENTS (KOHA)
Koha item type Journals
Holdings
Withdrawn status Lost status Damaged status Not for loan Home library Current library Shelving location Date acquired Serial Enumeration / chronology Koha item type
      Journals RRII Library RRII Library Agronomy 01/01/2021 Volume 9, Issue 4 Journals